Rodový rozdiel z hľadiska dôchodkového systému

Poukázanie na rodový mzdový rozdiel, ktorý sa vyskytuje v jednotlivých povolaniach na Slovensku. Vplyv výšky mzdového rozdielu sa odráža následne v dôchodkovom systéme, ktorý bol k roku 2021 aktualizovaný.

Gespeichert in:
Bibliographische Detailangaben
1. Verfasser: Kudlová, Zuzana, 1986-
Format: Buchkapitel
Sprache:Slowakisch
Schlagworte:
Tags: Tag hinzufügen
Keine Tags, Fügen Sie das erste Tag hinzu!

MARC

LEADER 00000naa a2200000 4500
001 0280186
005 20240502074339.8
041 0 |a slo 
044 |a SK 
245 1 0 |a Rodový rozdiel z hľadiska dôchodkového systému  |c Zuzana Kudlová 
520 |a Poukázanie na rodový mzdový rozdiel, ktorý sa vyskytuje v jednotlivých povolaniach na Slovensku. Vplyv výšky mzdového rozdielu sa odráža následne v dôchodkovom systéme, ktorý bol k roku 2021 aktualizovaný. 
610 2 0 |a dôchodky 
610 2 0 |a systémy dôchodkové 
610 2 0 |a mzdy 
610 2 0 |a odmeňovanie 
100 1 |a Kudlová, Zuzana, 1986-